Detalles MARC
| 000 -LEADER |
| fixed length control field |
02232nam a22002537a 4500 |
| 001 - CONTROL NUMBER |
| control field |
00541 |
| 003 - CONTROL NUMBER IDENTIFIER |
| control field |
DO-SdBNP |
| 005 - DATE AND TIME OF LATEST TRANSACTION |
| control field |
20160601130142.0 |
| 007 - PHYSICAL DESCRIPTION FIXED FIELD--GENERAL INFORMATION |
| fixed length control field |
00541 |
| 008 - FIXED-LENGTH DATA ELEMENTS--GENERAL INFORMATION |
| fixed length control field |
160531b 2009 dr |||| 00| 0 spa d |
| 040 ## - CATALOGING SOURCE |
| Linkage |
BPMSU |
| Field link and sequence number |
spa |
| Original cataloging agency |
BPMSU |
| Transcribing agency |
drc |
| 245 ## - TITLE STATEMENT |
| Title |
Guía de encuentros de los grupos de gestantes / |
| Statement of responsibility, etc. |
coordinador José Navarro ; ilustración Marcia Camejo |
| 260 ## - PUBLICATION, DISTRIBUTION, ETC. (IMPRINT) |
| Place of publication, distribution, etc. |
Santo Domingo : |
| Name of publisher, distributor, etc. |
Pastoral Materno Infantil, |
| Date of publication, distribution, etc. |
2009 |
| 300 ## - PHYSICAL DESCRIPTION |
| Extent |
3 v.: |
| Other physical details |
il. ; |
| Dimensions |
28 cm. |
| 500 ## - GENERAL NOTE |
| General note |
Contiene anexos |
| 505 ## - FORMATTED CONTENTS NOTE |
| Title |
¿Qué son los grupos de gestantes? -- |
| -- |
Esquema de encuentros de gestantes -- |
| -- |
Primer encuentro : Juntas en un tiempo muy especial -- |
| -- |
Segundo encuentro : Cuidando dos tesoros -- |
| -- |
Tercer encuentro : Una vida dentro de mi -- |
| -- |
Cuarto encuentro : Alimentación de las gestante -- |
| -- |
Quinto encuentro : La familia gestante -- |
| -- |
Sexto encuentro : Lactando con amor -- |
| -- |
Séptimo encuentro : Preparando el parto -- |
| -- |
Octavo encuentro : Los derechos de la madre y el bebé -- |
| -- |
Noveno encuentro : Un proyecto para mi bebé -- |
| -- |
Décimo encuentro : Cuidando al recién nacido -- |
| 505 ## - FORMATTED CONTENTS NOTE |
| Title |
¿Qué son los grupos se gestantes?-- |
| -- |
Esquema de encuentros de gestantes -- |
| -- |
Primer encuentro : Juntas en un tiempo muy especial -- |
| -- |
Segundo encuentro : Cuidando dos tesoros -- |
| -- |
Tercer encuentro : Una vida dentro de mi -- |
| -- |
Cuarto encuentro : Alimentación de las gestante -- |
| -- |
Quinto encuentro : La familia gestante -- |
| -- |
Sexto encuentro : Lactando con amor -- |
| -- |
Séptimo encuentro : Preparando el parto -- |
| -- |
Octavo encuentro : Los derechos de la madre y el bebé -- |
| -- |
Noveno encuentro : Un proyecto para mi bebé -- |
| -- |
Décimo encuentro : Cuidando al recién nacido -- |
| 505 ## - FORMATTED CONTENTS NOTE |
| Title |
Otros anexos : Cuaderno de acompañamiento de niños, niñas y gestantes -- |
| -- |
Cuaderno de la gestante -- |
| -- |
Guía de evaluación del crecimiento infantil y consejos nutricionales -- |
| -- |
Gráfica peso / edad/ niños 0-2 años (2 ejs) -- |
| -- |
Misión y método de la Pastoral Materno Infantil -- |
| -- |
Orientaciones para actividades comunitarias. |
| Formatted contents note |
|
| 700 ## - ADDED ENTRY--PERSONAL NAME |
| Personal name |
Navarro, José |
| Relator term |
coord. |
| 700 ## - ADDED ENTRY--PERSONAL NAME |
| Personal name |
Camejo, Marcia |
| Relator term |
il. |
| 710 ## - ADDED ENTRY--CORPORATE NAME |
| Corporate name or jurisdiction name as entry element |
Pastoral Materno Infantil |
| Subordinate unit |
(República Dominicana) |
| 942 ## - ADDED ENTRY ELEMENTS (KOHA) |
| Source of classification or shelving scheme |
Dewey Decimal Classification |
| Koha item type |
Libros |
| 956 ## - LOCAL ELECTRONIC LOCATION AND ACCESS (OCLC) |
| Host name |
VMATEO |
| Access number |
10 |
| Compression information |
20160431 |
| Path |
BPMSU |
| Electronic name |
00069 |